000 00582nam a2200205 4500
999 _c13405
_d13405
003 MIRAKIL
005 20211214000615.0
008 190710b tu ||||| |||| 00| 0 tur d
020 _a9786055097226
040 _aTR-AnCHP
_cTR-AnCHP
041 _atur
082 _a320.9561
_bS52t 2014
100 _aSidar, Cenk
245 1 0 _aTürkiye rüyası :
_byeni siyaset /
_cCenk Sidar.
260 _aİstanbul:
_bGoa yayınları,
_c2014.
300 _a296 s.:
_c23 sm.
504 _aBibliyografik bilgi içermektedir.
650 0 _aSiyaset ve yönetim
_xTürkiye
_99
942 _2ddc
_cBKS